<?xml version="1.0" encoding="UTF-8"?>
<record
    xmlns:xsi="http://www.w3.org/2001/XMLSchema-instance"
    xsi:schemaLocation="http://www.loc.gov/MARC21/slim http://www.loc.gov/standards/marcxml/schema/MARC21slim.xsd"
    xmlns="http://www.loc.gov/MARC21/slim">

  <leader>00666nam a22001457a 4500</leader>
  <datafield tag="040" ind1=" " ind2=" ">
    <subfield code="c">MCS (NUST)</subfield>
  </datafield>
  <datafield tag="082" ind1=" " ind2=" ">
    <subfield code="a">005.8,SAN</subfield>
  </datafield>
  <datafield tag="100" ind1=" " ind2=" ">
    <subfield code="a">Sana, Aasia</subfield>
    <subfield code="9">35182</subfield>
  </datafield>
  <datafield tag="245" ind1=" " ind2=" ">
    <subfield code="a">Development of Cybersecurity Learning Platform for SMBs /</subfield>
    <subfield code="c">Aasia Sana</subfield>
  </datafield>
  <datafield tag="260" ind1=" " ind2=" ">
    <subfield code="a">Rawalpindi</subfield>
    <subfield code="b">MCS (NUST)</subfield>
    <subfield code="c">Aug 2016</subfield>
  </datafield>
  <datafield tag="300" ind1=" " ind2=" ">
    <subfield code="a">xiii, 171 P.,</subfield>
  </datafield>
  <datafield tag="505" ind1=" " ind2=" ">
    <subfield code="a">introduction (Page-1), Literature Review and Existing Technologies (Page-11), Research Methodology (Page-22), Critical Asset: Database Server (Page-40), Critical Asset: Web Server (Page-71), Critical Asset: DNS &amp; Email Server (PAge-108), Conclusion and Future Works (Page-147).</subfield>
  </datafield>
  <datafield tag="650" ind1=" " ind2=" ">
    <subfield code="2">PG Thesis</subfield>
  </datafield>
  <datafield tag="942" ind1=" " ind2=" ">
    <subfield code="2">ddc</subfield>
    <subfield code="c">THE</subfield>
    <subfield code="k">005.8,SAN</subfield>
  </datafield>
  <datafield tag="999" ind1=" " ind2=" ">
    <subfield code="c">608148</subfield>
    <subfield code="d">608148</subfield>
  </datafield>
  <datafield tag="952" ind1=" " ind2=" ">
    <subfield code="0">0</subfield>
    <subfield code="1">0</subfield>
    <subfield code="2">ddc</subfield>
    <subfield code="4">0</subfield>
    <subfield code="7">0</subfield>
    <subfield code="a">MCS</subfield>
    <subfield code="b">MCS</subfield>
    <subfield code="c">THE</subfield>
    <subfield code="d">2024-02-26</subfield>
    <subfield code="l">0</subfield>
    <subfield code="o">005.8,SAN</subfield>
    <subfield code="p">MCSTIS-406</subfield>
    <subfield code="r">2024-02-26</subfield>
    <subfield code="w">2024-02-26</subfield>
    <subfield code="y">THE</subfield>
    <subfield code="z">Only Hard Copy Available</subfield>
  </datafield>
</record>
